00542nam a22001697a 450000500170000001000140001702000260003103500130005703700130007008200130008310000170009624500580011326000420017127000800021330000280029350000510032120100724121137.0 aENG-96453 a9789380388083c995.00 aEN-79986 bDBAD/PUB a343.5401 aChopra, J.K. aViolations of human rights in India /cby J.K. Chopra aNew DelhibDPS Publishing Housec2010 aRoom no. 213, 7/28,Mahavir Street Ansari Road Darya GanjbNew Delhie110002 aviii, 328p.c23cm. (Hb) aincludes bibliographical references and index